Beginning postmodernism / (Record no. 179245)

MARC details
000 -LEADER
fixed length control field 00635nam a22002177a 4500
005 - DATE AND TIME OF LATEST TRANSACTION
control field 20210603130129.0
010 ## - LCCN (DPL NO)
LC control number B-739960
020 ## - INTERNATIONAL STANDARD BOOK NUMBER
International Standard Book Number 9788130919034
Terms of availability 295.00
035 ## - SYSTEM CONTROL NUMBER
System control number B-739960
037 ## - SOURCE OF ACQUISITION
Source of stock number/acquisition Gift
082 ## - DEWEY DECIMAL CLASSIFICATION NUMBER
Classification number 149.97
100 ## - MAIN ENTRY--PERSONAL NAME
Personal name Wood, Tim
245 ## - TITLE STATEMENT
Title Beginning postmodernism /
Statement of responsibility, etc by Tim Woods
250 ## - EDITION STATEMENT
Edition statement 2nd ed.
260 ## - PUBLICATION, DISTRIBUTION, ETC. (IMPRINT)
Place of publication, distribution, etc New Delhi
Name of publisher, distributor, etc Viva Books
Date of publication, distribution, etc 2013
270 ## - ADDRESS
Address 4737/23, Ansari Road, Daryaganj
City New Delhi
Postal code 110002
300 ## - PHYSICAL DESCRIPTION
Extent xx, 329p.
Dimensions 20cm(pbk)
500 ## - GENERAL NOTE
General note include index
942 ## - ADDED ENTRY ELEMENTS (KOHA)
Source of classification or shelving scheme Dewey Decimal Classification
Item type English Books
Classification part 149.97
Call number suffix WOO
Holdings
Withdrawn status Lost status Not for loan Collection code Home library Current library Date acquired Source of acquisition Cost, normal purchase price Full call number Barcode Copy number Cost, replacement price Koha item type Public note
      Non-fiction Ashok Vihar Ashok Vihar 03/06/2021 Gift/Eng/03-05-2021 295.00 149.97 WOO B-739960 1 295.00 English Books Gift

© Delhi Public Library
Hit Counter
free hit counter